Statistiques concernant The Legend of Zelda:les monstres

Cliquez ici pour prendre le quiz!

Statistiques générales

  • Ce quiz a été pris 22 fois
  • Le résultat moyen est 6 sur 32

Statistiques - réponses

indicereponse% Correct
boss final7Ganon
83%
equivalent centaure16Lynel
56%
boss du donjon 26Dodongo
44%
boss du donjon 6,il est
rouge.une variante de lui
est bleu
11Gohma
44%
il crache des cailloux21Octorok
33%
chevalier skelet25Stalfos
33%
il mange les bouclier15Like-like
28%
il vit dans l'eau32Zora
28%
chevalier rouge ou bleu4Darknut
22%
sorte de goute d'eau8Gel
22%
boss du donjon 4 et 810Gleeok
22%
peuvent lancer des fleches18Moblin
22%
statue vivante2Armos
17%
il sort de terre14Leever
17%
monstre de bandes20Momie
17%
sorcier30Wizzrobe
17%
boss du donjon 1 et 7
1Aquamentus
11%
boss du donjon 55Digdogger
11%
boss du donjon 317Manhandla
11%
lapin23Pols Voice
11%
il vole3Chauve souris
6%
fantome des cimetieres9Ghini
6%
il lance des boomerang12Goriya
6%
sorte de gros serpent13Lanmola
6%
serpent de feu19Moldorm
6%
gros oeil22Patra
6%
serpent foncant en ligne droite24Rope
6%
araigne a 1 oeil26Tektite
6%
sorte de bulle empechant Link
d'attaquer
27Tetdoss
6%
monstre ailé qui se divise en 2
quand il encaisse trop de degat
28Vire
6%
grande main29Wallmaster
6%
grosse goutte d'eau31Zol
6%

Distribution des résultats

Percentile par nombre de réponses

% des personnes avec chaque résultat

Votre développement - résultats

Vous n’avez pas pris ce quiz